000 00806nam a22002177a 4500
005 20120913105433.0
008 120913t xxu||||| |||| 00| 0 eng d
010 _aENG-105868
020 _a9789380920030
_c350.00
035 _aEN-89401
037 _bDBAD/PUB
040 _aDPL
_bEnglish
082 _a954.02
100 _aBandrawal, Praveen Kumar
_952277
245 _aGreat Mughals /
_cby Praveen Kumar Bandrawal
260 _aNew Delhi
_bSun Shine Books
_c2012
270 _a4760-61, IInd Floor, 23, Ansari Road, Daryaganj
_bNew Delhi
_e110002
300 _a199p. :
_bill.
_c23cm(Hb)
942 _2ddc
_cEN
_mBAN
_h954.02
999 _c69984
_d69984